[Event "Bundesliga 9900"]
[Site "Deutschland"]
[Date "1999.11.07"]
[Round "4.6"]
[White "Pezerovic, Edin"]
[Black "Hackel, Mario"]
[Result "1/2-1/2"]
[WhiteElo "2447"]
[BlackElo "2353"]
[PlyCount "101"]
[EventDate "1999.10.09"]
[EventType "team"]
[EventRounds "15"]
[EventCountry "GER"]
[SourceTitle "Bundesliga 9900"]
[Source "DeepChess"]
[SourceDate "2005.01.01"]
[SourceVersion "1"]
[SourceVersionDate "2005.01.01"]
[SourceQuality "1"]
[WhiteTeam "TV Tegernsee"]
[BlackTeam "SK Koenig Plauen"]
[WhiteTeamCountry "GER"]
[BlackTeamCountry "GER"]

1. Nf3 Nf6 2. d4 g6 3. g3 Bg7 4. Bg2 d5 5. O-O O-O 6. c3 Nbd7 7. Nbd2 Re8 8. c4
c6 9. b3 Ne4 10. Bb2 Ndf6 11. Ne5 Bf5 12. f3 Nxd2 13. Qxd2 Nd7 14. Nxd7 Qxd7
15. e4 Bh3 16. Bxh3 Qxh3 17. e5 dxc4 18. bxc4 Red8 19. f4 Rd7 20. Rad1 Rad8 21.
Rf3 Qe6 22. Qe2 f6 23. a4 fxe5 24. fxe5 Rf8 25. Rxf8+ Bxf8 26. a5 Bg7 27. Bc3
h5 28. Kg2 Kh7 29. Rf1 Rd8 30. Rf3 Rf8 31. Rxf8 Bxf8 32. Qd3 Bg7 33. d5 cxd5
34. cxd5 Qc8 35. Bb4 Bxe5 36. Bxe7 Qd7 37. Bc5 Qa4 38. Bxa7 Qxa5 39. Bf2 Qd8
40. Qb5 Qe7 41. Bc5 Qc7 42. Qb4 Kg7 43. Qe4 Kf7 44. Bb4 Kg7 45. Ba5 Qd6 46. Bb6
Kf7 47. Be3 Bf6 48. Bf4 Qa6 49. Qc2 Qb6 50. Qc8 Qb2+ 51. Kh3 1/2-1/2

[Event "Bundesliga 9900"]
[Site "Deutschland"]
[Date "1999.11.07"]
[Round "4.7"]
[White "Schaller, Sven"]
[Black "Kachiani Gersinska, Ketino"]
[Result "1-0"]
[WhiteElo "2308"]
[BlackElo "2427"]
[PlyCount "99"]
[EventDate "1999.10.09"]
[EventType "team"]
[EventRounds "15"]
[EventCountry "GER"]
[SourceTitle "Bundesliga 9900"]
[Source "DeepChess"]
[SourceDate "2005.01.01"]
[SourceVersion "1"]
[SourceVersionDate "2005.01.01"]
[SourceQuality "1"]
[WhiteTeam "SK Koenig Plauen"]
[BlackTeam "TV Tegernsee"]
[WhiteTeamCountry "GER"]
[BlackTeamCountry "GER"]

1. d4 Nf6 2. Nf3 e6 3. g3 b5 4. Bg2 Bb7 5. Qd3 a6 6. Bg5 c5 7. dxc5 Bxc5 8.
Nbd2 Qb6 9. O-O Ng4 10. Ne4 f5 11. Nxc5 Qxc5 12. Bf4 Be4 13. Qd4 Qxd4 14. Nxd4
Bxg2 15. Kxg2 e5 16. h3 exf4 17. hxg4 fxg4 18. gxf4 Nc6 19. Nxc6 dxc6 20. Rad1
Rd8 21. Kg3 h5 22. Rxd8+ Kxd8 23. Rd1+ Ke7 24. e4 g6 25. Kh4 Rf8 26. Kg5 Rf6
27. b4 Re6 28. e5 Ke8 29. Rd3 Ke7 30. Ra3 c5 31. bxc5 Rc6 32. Rc3 a5 33. a3 a4
34. Rd3 Rxc5 35. Kxg6 h4 36. Kg5 g3 37. fxg3 h3 38. g4 h2 39. Rh3 Rxc2 40. f5
b4 41. Rh7+ Kd8 42. e6 Re2 43. Kf6 b3 44. Rd7+ Ke8 45. Rd1 b2 46. g5 Rd2 47.
Rh1 Rg2 48. g6 Kd8 49. e7+ Ke8 50. Rd1 1-0

[Event "Bundesliga 9900"]
[Site "Deutschland"]
[Date "1999.11.07"]
[Round "4.8"]
[White "Klundt, Klaus"]
[Black "Sandner, Gunter"]
[Result "1/2-1/2"]
[WhiteElo "2407"]
[BlackElo "2374"]
[PlyCount "44"]
[EventDate "1999.10.09"]
[EventType "team"]
[EventRounds "15"]
[EventCountry "GER"]
[SourceTitle "Bundesliga 9900"]
[Source "DeepChess"]
[SourceDate "2005.01.01"]
[SourceVersion "1"]
[SourceVersionDate "2005.01.01"]
[SourceQuality "1"]
[WhiteTeam "TV Tegernsee"]
[BlackTeam "SK Koenig Plauen"]
[WhiteTeamCountry "GER"]
[BlackTeamCountry "GER"]

1. e4 c5 2. Nf3 Nc6 3. d4 cxd4 4. Nxd4 Nf6 5. Nc3 e5 6. Ndb5 d6 7. Nd5 Nxd5 8.
exd5 Ne7 9. c3 Ng6 10. h4 Be7 11. h5 Nf8 12. Be3 a6 13. Na3 Nd7 14. Be2 O-O 15.
g4 b5 16. Nc2 Nc5 17. Nb4 Bg5 18. Nc6 Qf6 19. Qd2 Ne4 20. Qd3 Nc5 21. Qd2 Ne4
22. Qd3 Nc5 1/2-1/2

[Event "Bundesliga 9900"]
[Site "Deutschland"]
[Date "1999.12.11"]
[Round "5.1"]
[White "Epishin, Vladimir"]
[Black "Agdestein, Simen"]
[Result "1-0"]
[WhiteElo "2657"]
[BlackElo "2580"]
[PlyCount "76"]
[EventDate "1999.10.09"]
[EventType "team"]
[EventRounds "15"]
[EventCountry "GER"]
[SourceTitle "Bundesliga 9900"]
[Source "DeepChess"]
[SourceDate "2005.01.01"]
[SourceVersion "1"]
[SourceVersionDate "2005.01.01"]
[SourceQuality "1"]
[WhiteTeam "PSV Turm Duisburg 1920 e.V."]
[BlackTeam "Delmenhorster SK 1931"]
[WhiteTeamCountry "GER"]
[BlackTeamCountry "GER"]

1. c4 e5 2. g3 g6 3. Bg2 Bg7 4. Nc3 d6 5. Nf3 Nc6 6. d3 h6 7. O-O Be6 8. Bd2
Qd7 9. e4 f5 10. Nd5 Nge7 11. b4 O-O 12. b5 Nd8 13. Nxe7+ Qxe7 14. Nh4 Qf6 15.
exf5 gxf5 16. Qh5 a6 17. a4 axb5 18. cxb5 d5 19. a5 c6 20. Rac1 cxb5 21. Rc5 e4
22. Rxb5 Rf7 23. Ng6 Rd7 24. Nf4 Bf7 25. Qh3 Nc6 26. dxe4 dxe4 27. Rxf5 Qe7 28.
Be3 Nd4 29. Bxd4 Rxd4 30. Qg4 Rad8 31. h4 e3 32. fxe3 Qxe3+ 33. Kh2 Be6 34.
Bxb7 Rd2+ 35. Bg2 Bxf5 36. Qxf5 Qe5 37. Qg4 R8d6 38. a6 Qa5 1-0

[Event "Bundesliga 9900"]
[Site "Deutschland"]
[Date "1999.12.11"]
[Round "5.3"]
[White "Marciano, David"]
[Black "Baburin, Alexander"]
[Result "1/2-1/2"]
[WhiteElo "2529"]
[BlackElo "2593"]
[PlyCount "46"]
[EventDate "1999.10.09"]
[EventType "team"]
[EventRounds "15"]
[EventCountry "GER"]
[SourceTitle "Bundesliga 9900"]
[Source "DeepChess"]
[SourceDate "2005.01.01"]
[SourceVersion "1"]
[SourceVersionDate "2005.01.01"]
[SourceQuality "1"]
[WhiteTeam "PSV Turm Duisburg 1920 e.V."]
[BlackTeam "Delmenhorster SK 1931"]
[WhiteTeamCountry "GER"]
[BlackTeamCountry "GER"]

1. e4 Nf6 2. e5 Nd5 3. d4 d6 4. c4 Nb6 5. exd6 exd6 6. Nc3 Be7 7. Nf3 O-O 8.
Be2 Bg4 9. O-O Nc6 10. b3 Bf6 11. Be3 d5 12. c5 Nc8 13. h3 Be6 14. Ne1 b6 15.
Na4 Bd7 16. Rc1 Re8 17. Qd2 Bxd4 18. Bxd4 Nxd4 19. Qxd4 Rxe2 20. Nc3 Re8 21.
Qxd5 Ne7 22. Qd4 Bc6 23. Nc2 Nd5 1/2-1/2

[Event "Bundesliga 9900"]
[Site "Deutschland"]
[Date "1999.12.11"]
[Round "5.4"]
[White "Conquest, Stuart"]
[Black "Miralles, Gilles"]
[Result "1/2-1/2"]
[WhiteElo "2555"]
[BlackElo "2499"]
[PlyCount "96"]
[EventDate "1999.10.09"]
[EventType "team"]
[EventRounds "15"]
[EventCountry "GER"]
[SourceTitle "Bundesliga 9900"]
[Source "DeepChess"]
[SourceDate "2005.01.01"]
[SourceVersion "1"]
[SourceVersionDate "2005.01.01"]
[SourceQuality "1"]
[WhiteTeam "Delmenhorster SK 1931"]
[BlackTeam "PSV Turm Duisburg 1920 e.V."]
[WhiteTeamCountry "GER"]
[BlackTeamCountry "GER"]

1. e4 c5 2. Nf3 Nc6 3. Bb5 g6 4. c3 Nf6 5. e5 Nd5 6. O-O Bg7 7. d4 cxd4 8. cxd4
O-O 9. Nc3 Nc7 10. Bf4 Nxb5 11. Nxb5 a6 12. Nc3 d6 13. exd6 exd6 14. h3 Qf6 15.
Be3 Qf5 16. Rc1 Ne7 17. Bg5 Nd5 18. Ne2 h6 19. Ng3 Qd7 20. Bd2 Qb5 21. b3 Re8
22. Rc4 Bd7 23. Qc1 Kh7 24. Qc2 Nf6 25. Rc1 Qd5 26. Qd1 Bb5 27. R4c3 Ne4 28.
Nxe4 Rxe4 29. Be3 Bc6 30. a4 f5 31. Rd3 f4 32. Bd2 Rf8 33. Qf1 Rf5 34. Bc3 Re8
35. Bb2 Rf7 36. Ba3 Rfe7 37. Kh2 Re2 38. Bb4 Rb2 39. Nd2 f3 40. Nxf3 Ree2 41.
Nd2 Re8 42. Nc4 Ra2 43. Ne3 Qf7 44. Kg1 Be4 45. Rdc3 Bc6 46. Rd3 Be4 47. Rdc3
Bc6 48. Rd3 Be4 1/2-1/2

[Event "Bundesliga 9900"]
[Site "Deutschland"]
[Date "1999.12.11"]
[Round "5.6"]
[White "Gisbrecht, Ewgeni"]
[Black "Kraut, Rainer"]
[Result "1/2-1/2"]
[WhiteElo "2422"]
[BlackElo "2453"]
[PlyCount "49"]
[EventDate "1999.10.09"]
[EventType "team"]
[EventRounds "15"]
[EventCountry "GER"]
[SourceTitle "Bundesliga 9900"]
[Source "DeepChess"]
[SourceDate "2005.01.01"]
[SourceVersion "1"]
[SourceVersionDate "2005.01.01"]
[SourceQuality "1"]
[WhiteTeam "Delmenhorster SK 1931"]
[BlackTeam "PSV Turm Duisburg 1920 e.V."]
[WhiteTeamCountry "GER"]
[BlackTeamCountry "GER"]

1. Nf3 d5 2. c4 dxc4 3. e3 Nf6 4. Bxc4 e6 5. O-O c5 6. d4 a6 7. dxc5 Qxd1 8.
Rxd1 Bxc5 9. a3 b5 10. Be2 Bb7 11. b4 Be7 12. Bb2 O-O 13. Nbd2 Nbd7 14. Rac1
Rac8 15. Nb3 Rxc1 16. Rxc1 Rc8 17. Rxc8+ Bxc8 18. Nfd4 Bb7 19. Na5 Ba8 20. Ndc6
Bd6 21. Bf3 Kf8 22. Bd4 Nd5 23. Bxd5 exd5 24. Kf1 Bc7 25. Ke2 1/2-1/2

[Event "Bundesliga 9900"]
[Site "Deutschland"]
[Date "1999.12.11"]
[Round "5.7"]
[White "Thesing, Matthias"]
[Black "Lauber, Arnd"]
[Result "1/2-1/2"]
[WhiteElo "2444"]
[BlackElo "2416"]
[PlyCount "108"]
[EventDate "1999.10.09"]
[EventType "team"]
[EventRounds "15"]
[EventCountry "GER"]
[SourceTitle "Bundesliga 9900"]
[Source "DeepChess"]
[SourceDate "2005.01.01"]
[SourceVersion "1"]
[SourceVersionDate "2005.01.01"]
[SourceQuality "1"]
[WhiteTeam "PSV Turm Duisburg 1920 e.V."]
[BlackTeam "Delmenhorster SK 1931"]
[WhiteTeamCountry "GER"]
[BlackTeamCountry "GER"]

1. e4 c6 2. c4 d5 3. cxd5 cxd5 4. exd5 Nf6 5. Nc3 Nxd5 6. Nf3 g6 7. Qb3 Nc7 8.
Bc4 e6 9. d4 Nd7 10. Ne4 Be7 11. Bh6 Nb6 12. Bd3 f6 13. O-O Kf7 14. Rfe1 Nbd5
15. h4 b6 16. Re2 Bf8 17. Bd2 Be7 18. Rae1 Kg7 19. Nc3 Bd6 20. Nb5 Bb7 21. Nxc7
Nxc7 22. Be4 Bxe4 23. Rxe4 Qd7 24. Bb4 Rae8 25. Bxd6 Qxd6 26. Qa4 Re7 27. Rc1
Nd5 28. a3 Rb8 29. Rc6 Qd7 30. Qc2 Rb7 31. Re1 Rc7 32. Rc1 Rxc6 33. Qxc6 Qxc6
34. Rxc6 Kf7 35. Kf1 Rc7 36. Rxc7+ Nxc7 37. Ke2 Ke7 38. Kd3 Kd6 39. g4 Kd5 40.
g5 Ne8 41. Nd2 fxg5 42. hxg5 e5 43. dxe5 Kxe5 44. Ke3 Kf5 45. Ne4 Nc7 46. Nd6+
Kxg5 47. Nc8 Kg4 48. Nxa7 h5 49. Nc6 h4 50. Ke2 g5 51. Kf1 Kf4 52. a4 g4 53. b4
Ke4 54. Kg2 Kd5 1/2-1/2

[Event "Bundesliga 9900"]
[Site "Deutschland"]
[Date "1999.12.11"]
[Round "5.8"]
[White "Borik, Otto"]
[Black "Machelett, Heiko"]
[Result "1-0"]
[WhiteElo "2416"]
[BlackElo "2380"]
[PlyCount "87"]
[EventDate "1999.10.09"]
[EventType "team"]
[EventRounds "15"]
[EventCountry "GER"]
[SourceTitle "Bundesliga 9900"]
[Source "DeepChess"]
[SourceDate "2005.01.01"]
[SourceVersion "1"]
[SourceVersionDate "2005.01.01"]
[SourceQuality "1"]
[WhiteTeam "Delmenhorster SK 1931"]
[BlackTeam "PSV Turm Duisburg 1920 e.V."]
[WhiteTeamCountry "GER"]
[BlackTeamCountry "GER"]

1. Nf3 Nf6 2. d4 d6 3. c4 Bf5 4. Nc3 g6 5. h3 Bg7 6. g4 Bc8 7. e4 O-O 8. Be3 c5
9. dxc5 Qa5 10. Nd2 dxc5 11. Nb3 Qc7 12. Bg2 Rd8 13. Qc1 Nc6 14. O-O Nd4 15. f4
Be6 16. Nd2 Ne8 17. Rf2 Bc8 18. Nd5 Qd7 19. e5 e6 20. Nc3 f6 21. Nde4 Qe7 22.
Na4 Rb8 23. exf6 Nxf6 24. Naxc5 b6 25. Nxf6+ Qxf6 26. Ne4 Qf8 27. Qe1 Ba6 28.
b3 Nc6 29. Rd1 Bb7 30. Ng5 Qe7 31. Rfd2 Rxd2 32. Qxd2 Rd8 33. Qe2 Bd4 34. Bxd4
Rxd4 35. Rxd4 Nxd4 36. Qe5 Bxg2 37. Qxd4 Bc6 38. Qe5 Bd7 39. Ne4 Qa3 40. Nf6+
Kf7 41. Nxh7 Qc1+ 42. Kf2 Kg8 43. Nf6+ Kf7 44. Ne4 1-0

[Event "Bundesliga 9900"]
[Site "Deutschland"]
[Date "1999.12.11"]
[Round "5.2"]
[White "Van der Sterren, Paul"]
[Black "Socko, Bartosz"]
[Result "1-0"]
[WhiteElo "2535"]
[BlackElo "2543"]
[PlyCount "77"]
[EventDate "1999.10.09"]
[EventType "team"]
[EventRounds "15"]
[EventCountry "GER"]
[SourceTitle "Bundesliga 9900"]
[Source "DeepChess"]
[SourceDate "2005.01.01"]
[SourceVersion "1"]
[SourceVersionDate "2005.01.01"]
[SourceQuality "1"]
[WhiteTeam "SV Castrop Rauxel 1923"]
[BlackTeam "Dresdner SC 1898"]
[WhiteTeamCountry "GER"]
[BlackTeamCountry "GER"]

1. d4 Nf6 2. c4 g6 3. Nc3 Bg7 4. e4 d6 5. Nf3 O-O 6. Be2 e5 7. O-O Nc6 8. d5
Ne7 9. b4 a5 10. Ba3 axb4 11. Bxb4 b6 12. a4 Ne8 13. Nb5 f5 14. exf5 Bxf5 15.
a5 bxa5 16. Rxa5 c5 17. Rxa8 Qxa8 18. Bc3 Nc8 19. Ng5 Qb7 20. Ne6 Bxe6 21. dxe6
Qe7 22. Bf3 Bh6 23. Bd5 Kh8 24. g3 Ng7 25. Qg4 Nf5 26. Ra1 Qf6 27. Qe4 Nd4 28.
f4 Bg7 29. Ra8 Qe7 30. Nxd4 cxd4 31. Bd2 Qf6 32. h4 Bh6 33. Kg2 exf4 34. Bxf4
Bg7 35. Bb7 Nb6 36. e7 Nxa8 37. exf8=Q+ Qxf8 38. Bxa8 d3 39. Bd5 1-0

[Event "Bundesliga 9900"]
[Site "Deutschland"]
[Date "1999.12.11"]
[Round "5.3"]
[White "Boensch, Uwe"]
[Black "King, Daniel J"]
[Result "0-1"]
[WhiteElo "2547"]
[BlackElo "2501"]
[PlyCount "88"]
[EventDate "1999.10.09"]
[EventType "team"]
[EventRounds "15"]
[EventCountry "GER"]
[SourceTitle "Bundesliga 9900"]
[Source "DeepChess"]
[SourceDate "2005.01.01"]
[SourceVersion "1"]
[SourceVersionDate "2005.01.01"]
[SourceQuality "1"]
[WhiteTeam "Dresdner SC 1898"]
[BlackTeam "SV Castrop Rauxel 1923"]
[WhiteTeamCountry "GER"]
[BlackTeamCountry "GER"]

1. d4 e6 2. c4 b6 3. Nf3 Bb7 4. e3 Nf6 5. Bd3 d5 6. O-O Be7 7. b3 O-O 8. Bb2 c5
9. Nbd2 cxd4 10. exd4 Nc6 11. Rc1 Re8 12. Qe2 Bf8 13. Rfd1 Rc8 14. Nf1 g6 15.
Ne5 dxc4 16. bxc4 Nh5 17. Be4 Qc7 18. Bxc6 Bxc6 19. d5 Ba4 20. Rd4 exd5 21.
cxd5 Qxe5 22. Qxe5 Rxc1 23. Qxe8 Rxf1+ 24. Kxf1 Bxe8 25. d6 Bd7 26. Rd2 f5 27.
Ba3 Nf6 28. f3 Kf7 29. Kf2 Bb5 30. Rc2 Ke6 31. Rc7 a5 32. Rb7 Nd7 33. Rc7 Bxd6
34. Bxd6 Kxd6 35. Rc8 Bc6 36. a3 b5 37. Ke3 Nb6 38. Rh8 Nc4+ 39. Kd4 Nxa3 40.
Rxh7 b4 41. h4 Nc2+ 42. Kd3 Ne1+ 43. Kd4 Bb5 44. Ke3 b3 0-1

[Event "Bundesliga 9900"]
[Site "Deutschland"]
[Date "1999.12.11"]
[Round "5.4"]
[White "Gallagher, Joseph G"]
[Black "Borriss, Martin"]
[Result "1/2-1/2"]
[WhiteElo "2521"]
[BlackElo "2440"]
[PlyCount "102"]
[EventDate "1999.10.09"]
[EventType "team"]
[EventRounds "15"]
[EventCountry "GER"]
[SourceTitle "Bundesliga 9900"]
[Source "DeepChess"]
[SourceDate "2005.01.01"]
[SourceVersion "1"]
[SourceVersionDate "2005.01.01"]
[SourceQuality "1"]
[WhiteTeam "SV Castrop Rauxel 1923"]
[BlackTeam "Dresdner SC 1898"]
[WhiteTeamCountry "GER"]
[BlackTeamCountry "GER"]

1. e4 c5 2. Nf3 d6 3. d4 cxd4 4. Nxd4 Nf6 5. Nc3 Nc6 6. Bg5 e6 7. Qd2 a6 8.
O-O-O h6 9. Be3 Bd7 10. f3 Qc7 11. Kb1 b5 12. Bxb5 axb5 13. Ndxb5 Qb8 14. Nxd6+
Bxd6 15. Qxd6 Qxd6 16. Rxd6 Na5 17. b3 Rc8 18. Kb2 Bc6 19. Rhd1 Rb8 20. Ba7
Nc4+ 21. Kc1 Nxd6 22. Bxb8 Nb7 23. a4 Ke7 24. Ba7 Ra8 25. Bd4 g5 26. Kb2 Nd7
27. b4 Nd6 28. Kb3 f5 29. exf5 Nxf5 30. Bg1 Nh4 31. Rd2 g4 32. fxg4 Nxg2 33. b5
Bb7 34. h3 Nf4 35. Be3 e5 36. Kb4 Ke6 37. a5 Nf6 38. Bxf4 exf4 39. a6 Bh1 40.
Rh2 Nd5+ 41. Ka5 Nxc3 42. Rxh1 Kd6 43. Rf1 Rf8 44. a7 Kc7 45. Rf3 Kb7 46. Kb4
Ne4 47. b6 Rf6 48. Ka5 Nd6 49. Kb4 Ne4 50. Ka5 Nd6 51. Kb4 Ne4 1/2-1/2

[Event "Bundesliga 9900"]
[Site "Deutschland"]
[Date "1999.12.11"]
[Round "5.5"]
[White "Maiwald, Jens Uwe"]
[Black "Seul, Georg"]
[Result "1-0"]
[WhiteElo "2488"]
[BlackElo "2445"]
[PlyCount "61"]
[EventDate "1999.10.09"]
[EventType "team"]
[EventRounds "15"]
[EventCountry "GER"]
[SourceTitle "Bundesliga 9900"]
[Source "DeepChess"]
[SourceDate "2005.01.01"]
[SourceVersion "1"]
[SourceVersionDate "2005.01.01"]
[SourceQuality "1"]
[WhiteTeam "Dresdner SC 1898"]
[BlackTeam "SV Castrop Rauxel 1923"]
[WhiteTeamCountry "GER"]
[BlackTeamCountry "GER"]

1. e4 d6 2. d4 g6 3. Nc3 Bg7 4. h3 Nf6 5. Be3 O-O 6. Nf3 a6 7. a4 b6 8. Bd3 Bb7
9. O-O Nbd7 10. Qd2 e5 11. Bg5 exd4 12. Nxd4 Nc5 13. Rfe1 Qd7 14. b4 Nxd3 15.
cxd3 c5 16. Nc2 Rfe8 17. bxc5 bxc5 18. Ne3 Rab8 19. Rab1 Bc6 20. a5 h5 21. Nc4
Qe6 22. Nb6 Rb7 23. Ncd5 Reb8 24. Bf4 Nd7 25. Rbc1 Nxb6 26. Nxb6 Rd8 27. e5
dxe5 28. Rxc5 Qd6 29. Rcxe5 Qxd3 30. Re8+ Bxe8 31. Rxe8+ 1-0

[Event "Bundesliga 9900"]
[Site "Deutschland"]
[Date "1999.12.11"]
[Round "5.6"]
[White "Bosch, Jeroen"]
[Black "Lanka, Zigurds"]
[Result "1/2-1/2"]
[WhiteElo "2433"]
[BlackElo "2504"]
[PlyCount "64"]
[EventDate "1999.10.09"]
[EventType "team"]
[EventRounds "15"]
[EventCountry "GER"]
[SourceTitle "Bundesliga 9900"]
[Source "DeepChess"]
[SourceDate "2005.01.01"]
[SourceVersion "1"]
[SourceVersionDate "2005.01.01"]
[SourceQuality "1"]
[WhiteTeam "SV Castrop Rauxel 1923"]
[BlackTeam "Dresdner SC 1898"]
[WhiteTeamCountry "GER"]
[BlackTeamCountry "GER"]

1. e4 c5 2. Nf3 Nc6 3. d4 cxd4 4. Nxd4 Nf6 5. Nc3 d6 6. Bc4 e6 7. Be3 Be7 8.
O-O O-O 9. Bb3 Bd7 10. Qe2 a6 11. f4 b5 12. a3 Rc8 13. Nxc6 Bxc6 14. f5 e5 15.
Bg5 Qc7 16. Bxf6 Bxf6 17. Kh1 Bb7 18. Rad1 Qb6 19. Rf3 a5 20. Rfd3 Rfd8 21. Rh3
h6 22. Nd5 Bxd5 23. Bxd5 Rd7 24. c3 Kf8 25. Rhd3 Ke7 26. g3 Rb8 27. Kg2 Rc7 28.
h4 b4 29. axb4 axb4 30. c4 Ra7 31. Qh5 Rf8 32. Rf1 Kd8 1/2-1/2

[Event "Bundesliga 9900"]
[Site "Deutschland"]
[Date "1999.12.11"]
[Round "5.7"]
[White "Uhlmann, Wolfgang"]
[Black "Hoffmann, Michael"]
[Result "1/2-1/2"]
[WhiteElo "2461"]
[BlackElo "2439"]
[PlyCount "94"]
[EventDate "1999.10.09"]
[EventType "team"]
[EventRounds "15"]
[EventCountry "GER"]
[SourceTitle "Bundesliga 9900"]
[Source "DeepChess"]
[SourceDate "2005.01.01"]
[SourceVersion "1"]
[SourceVersionDate "2005.01.01"]
[SourceQuality "1"]
[WhiteTeam "Dresdner SC 1898"]
[BlackTeam "SV Castrop Rauxel 1923"]
[WhiteTeamCountry "GER"]
[BlackTeamCountry "GER"]

1. c4 b6 2. Nc3 Bb7 3. e4 e6 4. Nf3 Bb4 5. Qb3 Na6 6. Be2 Ne7 7. d3 O-O 8. a3
Nc5 9. Qc2 Bxc3+ 10. Qxc3 d5 11. exd5 exd5 12. O-O Nf5 13. b4 Re8 14. Bd1 Ne6
15. Ra2 Nh4 16. Nxh4 Qxh4 17. f4 c5 18. bxc5 Nxc5 19. Re2 dxc4 20. Bb2 Qh6 21.
Rxe8+ Rxe8 22. dxc4 Qg6 23. g3 f6 24. f5 Qf7 25. Bc1 Re4 26. Rf4 Qd7 27. Rf1
Ba6 28. Bf3 Rxc4 29. Qe3 Rd4 30. Re1 Rd3 31. Qf4 Rd6 32. Qe3 Bb5 33. Qe7 Nd3
34. Qxd7 Bxd7 35. Rd1 Bxf5 36. Bf4 Rd7 37. Bc6 Rd8 38. Bc7 Rd4 39. Bb8 Kf8 40.
Bxa7 Rd6 41. Bb5 h5 42. a4 Ke7 43. Bb8 Rd8 44. Bc7 Rc8 45. Bxb6 Ne5 46. Re1 Kd6
47. Rd1+ Ke6 1/2-1/2

[Event "Bundesliga 9900"]
[Site "Deutschland"]
[Date "1999.12.11"]
[Round "5.8"]
[White "Appel, Ralf"]
[Black "Heinatz, Thomas"]
[Result "1-0"]
[WhiteElo "2475"]
[BlackElo "2349"]
[PlyCount "71"]
[EventDate "1999.10.09"]
[EventType "team"]
[EventRounds "15"]
[EventCountry "GER"]
[SourceTitle "Bundesliga 9900"]
[Source "DeepChess"]
[SourceDate "2005.01.01"]
[SourceVersion "1"]
[SourceVersionDate "2005.01.01"]
[SourceQuality "1"]
[WhiteTeam "SV Castrop Rauxel 1923"]
[BlackTeam "Dresdner SC 1898"]
[WhiteTeamCountry "GER"]
[BlackTeamCountry "GER"]

1. Nf3 c5 2. g3 Nc6 3. Bg2 g6 4. O-O Bg7 5. c4 d6 6. Nc3 a6 7. a3 Rb8 8. b4
cxb4 9. axb4 Nxb4 10. d4 Nc6 11. Be3 Bd7 12. Qb3 b5 13. cxb5 axb5 14. d5 Na5
15. Qb4 Nc4 16. Ba7 Rb7 17. Rfd1 Nb6 18. Ra6 Nc8 19. Be3 Nh6 20. Nd4 O-O 21.
Nc6 Qe8 22. Nxb5 Nf5 23. Bc1 e6 24. e3 h5 25. Qa5 exd5 26. Nc7 Rxc7 27. Qxc7 d4
28. e4 d5 29. exf5 Qe2 30. Rf1 Bxf5 31. Ra8 d3 32. Ba3 d2 33. Bxf8 d1=Q 34.
Bxg7 Qexf1+ 35. Bxf1 Bh3 36. Ra1 1-0

[Event "Bundesliga 9900"]
[Site "Deutschland"]
[Date "1999.12.11"]
[Round "5.1"]
[White "Kindermann, Stefan"]
[Black "Dautov, Rustem"]
[Result "1/2-1/2"]
[WhiteElo "2527"]
[BlackElo "2597"]
[PlyCount "83"]
[EventDate "1999.10.09"]
[EventType "team"]
[EventRounds "15"]
[EventCountry "GER"]
[SourceTitle "Bundesliga 9900"]
[Source "DeepChess"]
[SourceDate "2005.01.01"]
[SourceVersion "1"]
[SourceVersionDate "2005.01.01"]
[SourceQuality "1"]
[WhiteTeam "SK Koenig Plauen"]
[BlackTeam "Godesberger SK 1929"]
[WhiteTeamCountry "GER"]
[BlackTeamCountry "GER"]

1. e4 c6 2. d4 d5 3. e5 c5 4. dxc5 e6 5. Be3 Nh6 6. Nf3 Nd7 7. c4 Nf5 8. cxd5
Nxe3 9. fxe3 Bxc5 10. dxe6 fxe6 11. Bc4 O-O 12. O-O Nb6 13. Bb3 Nd5 14. Bxd5
Bxe3+ 15. Kh1 exd5 16. Qb3 Qb6 17. Qxb6 axb6 18. Nc3 d4 19. Nd5 Bg4 20. h3 Bxf3
21. Rxf3 Rxf3 22. gxf3 Ra5 23. Nxe3 dxe3 24. f4 g5 25. fxg5 Rxe5 26. Kg2 Kg7
27. Kf3 Kg6 28. Ke2 Kxg5 29. Rg1+ Kh4 30. Rg7 h5 31. Rxb7 b5 32. b3 Kxh3 33. a4
bxa4 34. bxa4 h4 35. Rg7 Kh2 36. a5 Rxa5 37. Kxe3 Rf5 38. Ke2 h3 39. Rg8 Kh1
40. Rg7 h2 41. Rg8 Ra5 42. Kf2 1/2-1/2

[Event "Bundesliga 9900"]
[Site "Deutschland"]
[Date "1999.12.11"]
[Round "5.3"]
[White "Espig, Lutz"]
[Black "Kengis, Edvins"]
[Result "1/2-1/2"]
[WhiteElo "2423"]
[BlackElo "2573"]
[PlyCount "59"]
[EventDate "1999.10.09"]
[EventType "team"]
[EventRounds "15"]
[EventCountry "GER"]
[SourceTitle "Bundesliga 9900"]
[Source "DeepChess"]
[SourceDate "2005.01.01"]
[SourceVersion "1"]
[SourceVersionDate "2005.01.01"]
[SourceQuality "1"]
[WhiteTeam "SK Koenig Plauen"]
[BlackTeam "Godesberger SK 1929"]
[WhiteTeamCountry "GER"]
[BlackTeamCountry "GER"]

1. Nf3 b6 2. g3 c5 3. Bg2 Bb7 4. c4 g6 5. Nc3 Bg7 6. b3 d5 7. cxd5 Nf6 8. Bb2
Nxd5 9. Qc1 Nc7 10. b4 Nd7 11. Na4 Bxb2 12. Qxb2 O-O 13. bxc5 b5 14. Nc3 Nxc5
15. a4 bxa4 16. O-O Rb8 17. Qa3 Nb3 18. Rad1 Bxf3 19. Bxf3 Nd4 20. Qxa4 Nxf3+
21. exf3 a6 22. Rfe1 Rb6 23. Qc4 e6 24. Re5 Qb8 25. Qf4 Rb4 26. Qh6 f6 27. Re4
a5 28. Ra1 Rxe4 29. fxe4 Qb6 30. Qe3 1/2-1/2

[Event "Bundesliga 9900"]
[Site "Deutschland"]
[Date "1999.12.11"]
[Round "5.4"]
[White "David, Alberto"]
[Black "Hackel, Mario"]
[Result "1-0"]
[WhiteElo "2544"]
[BlackElo "2353"]
[PlyCount "89"]
[EventDate "1999.10.09"]
[EventType "team"]
[EventRounds "15"]
[EventCountry "GER"]
[SourceTitle "Bundesliga 9900"]
[Source "DeepChess"]
[SourceDate "2005.01.01"]
[SourceVersion "1"]
[SourceVersionDate "2005.01.01"]
[SourceQuality "1"]
[WhiteTeam "Godesberger SK 1929"]
[BlackTeam "SK Koenig Plauen"]
[WhiteTeamCountry "GER"]
[BlackTeamCountry "GER"]

1. e4 g6 2. d4 Bg7 3. Nc3 d6 4. Be3 a6 5. Qd2 b5 6. f3 Nd7 7. h4 h6 8. Nge2 Bb7
9. d5 Ne5 10. Nd4 Nf6 11. a4 bxa4 12. Nxa4 Nfd7 13. Be2 c5 14. Nb3 Nb6 15. Na5
Bc8 16. O-O Bd7 17. Nxb6 Qxb6 18. c3 Bf6 19. b4 Bxh4 20. bxc5 dxc5 21. f4 Ng4
22. Bxg4 Bxg4 23. Nc6 O-O 24. g3 Bf6 25. e5 Bg7 26. Nxe7+ Kh7 27. Rfb1 Qa7 28.
d6 Rfe8 29. Qf2 Rab8 30. Bxc5 Qa8 31. Bd4 Bf8 32. Rxb8 Rxb8 33. f5 gxf5 34.
Nxf5 Qe4 35. Rf1 Rb1 36. Ne3 Be6 37. Ng2 Rxf1+ 38. Qxf1 a5 39. Nf4 Bd7 40. Nh5
Bg7 41. Nxg7 Qg4 42. Kh2 a4 43. e6 fxe6 44. Qf7 Qe2+ 45. Kh3 1-0